Operatic Vocal Classifications - Statistics

General Stats
  • This quiz has been taken 26 times
  • The average score is 7 of 8
Answer Stats
Voice Type % Correct
Soprano
100%
Baritone
95%
Tenor
95%
Bass
91%
Mezzo-Soprano
82%
Countertenor
73%
Contralto
68%
Bass-Baritone
64%
No matching quizzes found
Score Distribution
Percent of People with Each Score
Percentile by Number Answered
Your Score History
You have not taken this quiz